| 000 | 00935nmc a2200337 a 4500 | ||
|---|---|---|---|
| 003 | AR-BaBNM | ||
| 005 | 20251128210839.0 | ||
| 008 | 201020s1999 ||||||||||||||000 | spa|| | ||
| 020 | _a987-9065-46-8 | ||
| 040 | _cAR-BaBNM | ||
| 100 | 1 | _aHinshelwood, Robert | |
| 245 | 1 | 0 | _aMelanie Klein para principiantes |
| 260 |
_aBuenos Aires _bErrepar _c1999 |
||
| 300 | 0 |
_a176 p. _bil. |
|
| 490 | 0 |
_aPara principiantes _vv. 28 |
|
| 500 | 0 | _aIndice alfabético y pequeño diccionario | |
| 600 | 1 | 4 | _aKlein, Melanie |
| 650 | 4 | _aBIOGRAFIAS | |
| 650 | 4 | _aDIVULGACION | |
| 650 | 4 | _aPSICOLOGIA EVOLUTIVA | |
| 650 | 4 | _aPSICOTERAPIA INFANTIL | |
| 650 | 4 | _aPSICOANALISIS | |
| 653 | 0 | _aHISTORIETAS | |
| 655 | _aBIOGRAFIAS | ||
| 700 | 1 | _aRobinson, Susan | |
| 700 | 1 |
_aZárate, Oscar _eilustrador |
|
| 700 | 1 |
_aRodrigues Gesualdi, Daniela _etraductor |
|
| 800 | 1 |
_aKreimer, Juan Carlos _edirector |
|
| 942 | _cBK | ||
| 998 | _cMARTIN | ||
| 999 |
_c17168 _d17168 |
||